A dictionary of Islam: (Record no. 20284)

MARC details
000 -LEADER
fixed length control field 00840cam a22002411 4500
001 - CONTROL NUMBER
control field 8937588
003 - CONTROL NUMBER IDENTIFIER
control field BDDh-ASL
005 - DATE AND TIME OF LATEST TRANSACTION
control field 20231015025852.0
008 - FIXED-LENGTH DATA ELEMENTS--GENERAL INFORMATION
fixed length control field 761006s1965 pk a d 001 0 mul
010 ## - LIBRARY OF CONGRESS CONTROL NUMBER
LC control number sa 66003866
035 ## - SYSTEM CONTROL NUMBER
System control number (OCoLC)2484916
040 ## - CATALOGING SOURCE
Original cataloging agency DLC
Transcribing agency NcRS
Modifying agency DLC
-- BDDh-ASL
042 ## - AUTHENTICATION CODE
Authentication code premarc
050 00 - LIBRARY OF CONGRESS CALL NUMBER
Classification number BP40
Item number .H8 1965
082 ## - DEWEY DECIMAL CLASSIFICATION NUMBER
Classification number 297.03
Item number HUD
100 1# - MAIN ENTRY--PERSONAL NAME
Personal name Hughes, Thomas Patrick,
Dates associated with a name 1838-1911.
245 12 - TITLE STATEMENT
Title A dictionary of Islam:
Remainder of title being a cyclopaedia of the doctrines, rites, ceremonies and customs, together with the technical and theological terms of the Muhammadan religion/
Statement of responsibility, etc. Rev. by eminent scholars.
260 ## - PUBLICATION, DISTRIBUTION, ETC.
Place of publication, distribution, etc. Lahore:
Name of publisher, distributor, etc. Premier Book House,
Date of publication, distribution, etc. 1964.
300 ## - PHYSICAL DESCRIPTION
Extent v, 750 p.
Other physical details illus.
Dimensions 25 cm.
650 #0 - SUBJECT ADDED ENTRY--TOPICAL TERM
Topical term or geographic name entry element Islam
Form subdivision Dictionaries.
906 ## - LOCAL DATA ELEMENT F, LDF (RLIN)
a 7
b cbc
c oclcrpl
d u
e ncip
f 19
g y-gencatlg
942 ## - ADDED ENTRY ELEMENTS (KOHA)
Source of classification or shelving scheme Dewey Decimal Classification
Koha item type Books
Holdings
Withdrawn status Lost status Source of classification or shelving scheme Damaged status Not for loan Collection code Home library Current library Shelving location Date acquired Source of acquisition Total Checkouts Full call number Barcode Date last seen Copy number Price effective from Koha item type Public note
    Dewey Decimal Classification   Not For Loan Non-fiction Asiatic Society Library Asiatic Society Library General Stacks 12/29/2020 ASB Collection   297.03 HUD 103696 12/29/2020 C-1 12/29/2020 Books RARE

Powered by Koha